00775nam a22002537a 45000010005000000030006000050050017000110080041000280200015000690400029000840500016001130820008001291000036001372450037001732500041002102600034002513000061002855050007003465200069003535210018004225210018004406500036004586500027004946953FISKH20260304094450.0250611b cb ||||| |||| 00| 0 eng d a0590030310 aFISKHbengcFISKHdFISKH aPZ7.K2253 S a823 aKeats, Jack Ezrad(1916–1983) aThe snowy day /cEzra Jack Keats aThis edition first published in 1962 aNew York :bScholastic,c1962 a28 unnumbered pages :bcolor illustrations ;c20 x 23 cm aJ  aThe adventures of a little boy in the city on a very snowy day. 8 a500 bLexile 8 aJ bRaz-Plus  2Picture bookaRealistic fiction 2SeasonsaMulticultural